Comunidad de peces en la ciénaga de Ayapel, Río Magdalena (Córdoba ) Colombia (Registro nro. 16360)
[ vista simple ]
| 000 -CABECERA | |
|---|---|
| Campo de control | 008190000a22002410004500 |
| 090 ## - CLASIFICACIÓN LOCAL | |
| Colección | SERIADAS |
| 044 ## - PAÍS DE PUBLICACIÓN | |
| País de publicación | |
| 041 0# - IDIOMA | |
| Código de idioma para texto/pista de sonido o título separado | |
| 100 1# - ASIENTO PRINCIPAL--NOMBRE PERSONAL | |
| Nombre personal | Ríos Pulgarín, María I. |
| 245 10 - MENCION DE TITULO | |
| Título | Comunidad de peces en la ciénaga de Ayapel, Río Magdalena (Córdoba ) Colombia |
| Version | cambios espacio-temporales en su asociación |
| 651 #4 - ASIENTO SECUNDARIO DE MATERIA - NOMBRE GEOGRAFICO | |
| -- | Córdoba |
| -- | Ciénaga de Ayapel |
| 653 ## - TERMINO DE INDIZACION - NO CONTROLADO | |
| -- | Cyphocharax magdalenae |
| 653 ## - TERMINO DE INDIZACION - NO CONTROLADO | |
| -- | Roeboides dayi |
| 653 ## - TERMINO DE INDIZACION - NO CONTROLADO | |
| -- | Astyanax |
| 700 1# - ASIENTO SECUNDARIO - NOMBRE PERSONAL | |
| Nombre personal | Jiménez Segura, Luz F. |
| 700 1# - ASIENTO SECUNDARIO - NOMBRE PERSONAL | |
| Nombre personal | Palacio, Jaime A. |
| 700 1# - ASIENTO SECUNDARIO - NOMBRE PERSONAL | |
| Nombre personal | Ramírez Restrepo, John J. |
| 773 1# - Item fuente: | |
| Título | Actualidades biológicas |
| Descripción física | 88 |
| Paginas del Articulo | 29-53 |
| Lugar, editorial y fecha de publicación | 2008 |
| Información sobre la relación | 30 |
| 942 ## - ELEMENTOS ADICIONALES (KOHA) | |
| Tipo de ítem | Artículo |
No hay ítems disponibles.